000 00584nam a2200229Ia 4500
003 OSt
005 20221006165130.0
006 a|||||r|||| 00| 0
007 ta
008 221006b |||||||| |||| 00| 0 eng d
024 _a1,671
037 _cTextual
040 _aFML
_cFML
_beng
041 _2eng
_aeng
082 _aNS44w, N2
100 _aMishra Susheela Au.
245 0 _aSome Dances of India
260 _aDelhi
_bHarman Publication
_c1992
300 _a232
_ccm.
942 _hNS44w, N2
_cTEXL
_2CC
999 _c1119721
_d1119721